| 000 | 00524nam a2200181Ia 4500 | ||
|---|---|---|---|
| 005 | 20250508152019.0 | ||
| 008 | 008 250505s9999 xx 000 0 eng d | ||
| 037 | _aTextual | ||
| 040 |
_aFEDL _beng _cFEDL |
||
| 041 |
_aeng _2eng |
||
| 084 |
_a655, WIL _qFEDL |
||
| 100 | _aWilliamson Hugh | ||
| 245 | 0 | _aMethods of book design: The practice of an industrial craft | |
| 260 |
_aLondon, UK _bOxford University Press _c1956 |
||
| 300 | _axiv,430p. | ||
| 942 |
_cTEXL _h655, WIL |
||
| 999 |
_c1333612 _d1333612 |
||